00985nam a2200241 a 450000100100000000500170001000800410002702000150006804000250008308200240010810000420013224501240017425000120029826000460031030000280035650000710038450400330045559000260048865000520051491000380056695201220060499900170072600004039220201002034114.0130823s2005 dr a r 000 0 spa d z9945852531 aDO-SdBNPbspacBNPHU a150.19bS237d, 20051 aSantos, Domingo de los,d1971-96498410aDe la antigüedad a la postmodernidad :blas principales ideas filosóficas y sus contextos /cDomingo de los Santos. a2ª ed. aSanto Domingo :bImpresos Paulino,c2005. a306 p. :bil. ;c21 cm. aIncluye datos biográficos del autor en la solapa de la cubierta. aBibliografía : p. 301-306. aInventariado, 2018/LP 4aFilosofíaxEnsayos, conferencias, etc.933791 aValidado. Control de calidad. EMS 0010718PDaPDbPDcHDd2013-08-23iLF1l0o150.19 S237d, 2005p40392-10r2020-06-25w2020-06-25yLFPDZNo se presta c39882d39882